Ensayos sobre el pensamiento científico en la época de Einstein

Guardat en:
Dades bibliogràfiques
Autor principal: Holton, Gerald (Autor)
Format: Llibre
Idioma:espanyol
Publicat: Madrid Alianza 1982
Matèries:
Etiquetes: Afegir etiqueta
Sense etiquetes, Sigues el primer a etiquetar aquest registre!

MARC

LEADER 00000nam a2200000 a 4500
001 UCU0794
003 CL-VaPUC
008 960329e19820000SP |||||||||||||||||spa|d
082 0 4 |a 501  |b HOL  |2 21 
100 |a Holton, Gerald  |e author  |9 487085 
245 1 0 |a Ensayos sobre el pensamiento científico en la época de Einstein 
300 |a 359 p 
942 |c BK 
945 |d 19960329 00:00:00  |a rleighto 
260 |a Madrid  |b Alianza  |c 1982 
600 0 |a Einstein, Albert   |e autor  |9 266229 
650 0 |a Filosofía de las ciencias  |9 256466 
650 7 |a ENSAYOS DE LABORATORIOS  |2 CL-VaPUC  |9 356214 
650 0 |a Pensamiento científico   |9 356215 
583 |a last modification  |c 19960329 00:00:00  |k Rodrigo Vera 
999 |c 245601  |d 245599 
952 |0 0  |1 0  |2 ddc  |4 0  |6 501_000000000000000_HOL_1982  |7 0  |8 A  |9 260154  |a BIBCUR  |b BIBCUR  |d 2019-11-19  |i 3209474  |o 501 HOL 1982  |p 3209474  |r 2025-04-22  |w 2019-11-19  |y BK  |k BCB 
952 |0 0  |1 0  |4 0  |6 501_000000000000000_HOL_1982  |7 0  |8 A  |9 260155  |a BIBCUR  |b BIBCUR  |d 2019-11-19  |i 3513033  |o 501 HOL 1982  |p 3513033  |r 2025-04-22  |w 2019-11-19  |y BK  |k FIS 
952 |0 0  |1 0  |4 0  |6 501_000000000000000_HOL_1982  |7 0  |8 A  |9 260156  |a BIBCUR  |b BIBCUR  |d 2019-11-19  |i 369724K  |o 501 HOL 1982  |p 369724K  |r 2025-04-22  |w 2019-11-19  |y BK  |k FIS